000 00524nam a2200169 i 4500
001 37503
003 ES-MaACL
005 20230906155603.0
007 t|
008 030311s1917 sp ||||1| spa d
100 1 _aDundonald, Thomas Cochrane
_cEarl of.
_946036
245 1 0 _aMemorias de Lord Cochrane.
260 _aMadrid :
_bEditorial América,
_c1917 (
_fJuan Pueyo)
300 _a301 p. ;
_c21 cm.
651 4 _aAmérica española-
_xHistoria-
_y1806-1830, Guerras de la Independencia.
_97726
852 _aES-MaACL
_jF-835
999 _c37503
_d37503